00647 2200229 4500001002100000005001700021008004100038020001800079035002400097082001000121084002000131100002100151245009100172250001100263260004100274300002400315650002100339700001600360700001000376850001600386999001500402YOGYA-0209000006740020170117144458.0 ind  a979-20-3488-9 0010-020900000067400 a028.5 aKa028.5bMat A aMATTHEWS, Andrew aAlfred yang Agungcoleh Andrew Matthews ; ilustrasi oleh Peter Kent ; alih bahasa neni aCet. 1 aJakartabElex Media Komputindoc2002 a46 hlmbilusc20 cm aBacaan bergambar aKent, Peter aNneni aYOPDYOG JSC a03P0003363